000
00223 a2200097 4500
001
29770
100
_a
Wranglen
245
_a
Introduction to corrosion and protection metals
260
_a
_b
I F M
_c
090
_c
19787
_d
19787
942
_a
NUST-CAE
_c
M
_c
10876
999
_c
264843
_d
264843